[Event "Saarland-ch C"]
[Site "Saarlouis Steinrausch"]
[Date "2005.03.20"]
[Round "3"]
[White "Nolte, Tim"]
[Black "Backes, Christoph"]
[Result "1-0"]
[WhiteElo "1078"]
[BlackElo "1245"]
[PlyCount "79"]
[EventDate "2005.03.18"]
[EventType "swiss"]
[EventRounds "9"]
[EventCountry "GER"]
[SourceTitle "EXT 2012"]
[Source "ChessBase"]
[SourceDate "2011.11.24"]
[SourceVersion "1"]
[SourceVersionDate "2011.11.24"]
[SourceQuality "1"]

1. e4 e5 2. Nf3 Nc6 3. Nc3 d6 4. Bc4 Nf6 5. 0-0 Qe7 6. h3 Be6 7. Nd5 Nxe4 8. Nxe7 Bxc4 9. d3 Nxf2 10. Rxf2 Be6 11. Nxc6 bxc6 12. Ng5 Bd5 13. c4 f6 14. cxd5 fxg5 15. dxc6 d5 16. Rf1 Bc5+ 17. Kh1 Rd8 18. Qf3 Rf8 19. Qe2 Bd6 20. Rxf8+ Kxf8 21. Bxg5 Re8 22. Qf2+ Kg8 23. Rf1 Rf8 24. Qe2 h6 25. Rxf8+ Kxf8 26. Bd2 Kg8 27. Qg4 Kh7 28. Bb4 Bxb4 29. Qxb4 h5 30. Qb5 e4 31. dxe4 dxe4 32. Qxh5+ Kg8 33. Qe5 g5 34. Qxc7 g4 35. hxg4 e3 36. Qe5 a5 37. c7 Kf7 38. c8Q e2 39. Qd7+ Kg6 40. Qdg7# 1-0